POSUDZOVANIE A PREDIKCIA HLUKU NA PRACOVISKU Z HĽADISKA BOZP

Bibliographic Details
Main Author: Balážiková, Michaela (Author)
Format: Article
Language:Slovak

MARC

LEADER 00000nab a2200000uu 4500
001 vtls010908686
003 SK-MaSNL
005 20260303105826.0
008 230121|2009 xo |||||||||||||||||slo|
015 |a SNBRB 
035 |a (urnnbn)urn:nbn:sk:snk:ar-a07yxt 
035 |a (uuid)8efe463c-cb2b-4540-bb61-0b32662978c8 
035 |a urn:nbn:sk:snk-ab8yir 
040 |a SNKBUCL  |b slo  |c SNKBUCL  |e AACR2 
041 0 |a slo 
044 |a xo  |c SK 
100 1 |a Balážiková, Michaela  |4 aut  |9 1119199 
245 1 0 |a POSUDZOVANIE A PREDIKCIA HLUKU NA PRACOVISKU Z HĽADISKA BOZP  |c Michaela Balážiková 
773 0 |t Bezpečnosť práce : odborný časopis pre problematiku bezpečnosti a ochrany zdravia pri práci  |g Roč. 9, č. 6-7 (2009), s. 55-67 
954 |a odborná, vedecká literatúra pôvodná (slovenská)  |2 lita 
958 |a OND 
958 |a EUIPO 
958 |a article10 
999 |c 1865849  |d 1867779